| 000 | 00339nam a22001337a 4500 | ||
|---|---|---|---|
| 020 | _qPB. | ||
| 040 | _cFIZZA ISHAQ | ||
| 082 |
_a954.91005 _bIKR |
||
| 100 |
_aRABBAN,IKRAM. _9109181 |
||
| 245 |
_aCOMPREHENSIVE BOOK OF PAKISTAN STUDIES / _cIKRAM RABBANI. |
||
| 260 |
_aLAHORE ; _bPAKISTAN, _c2012. |
||
| 300 | _a352 P. ; | ||
| 942 |
_2ddc _cBK |
||
| 999 |
_c593340 _d593340 |
||